00744nam a2200217Ia 4500003000900000008004100009020001800050040001600068080001800084100002800102245009300130260003500223300001400258490003600272650004100308650003200349650002900381942000700410999001500417952009400432IN-BaIIA211028s9999 xx 000 0 eng d a0-12-262020-8 cIIA Library a524.3-64bFON aFontana, Peter R912584 0aAtomic radiative processescPeter R. Fontana  aNew YorkbAcademic Pressc1982 axv, 270p. aPure and applied physics; v. 42 aAstronomy and astrophysics thesaurus aElectromagnetic waves92401 aRadiative transfer91568 cBK c7339d7339 00104070aBANbBANcGENd1983-05-09l0o524.3-64/ FONp8146r2021-11-05w1983-05-09yBK